000 00279nam a22001217a 4500
003 SGT
082 _a617.3
_bO99N
100 _aNATARAJAN ,M
245 _aTEXTBOOK OF ORTHOPAEDICS AND TRAUMATOLOGY
260 _aCHENNAI
_bMN ORTHO HOSPITAL
_c1999
300 _a328
942 _2ddc
_cBK
999 _c14162
_d14162